000 00608nam a22002057a 4500
003 OSt
005 20251014030602.0
008 251014b |||||||| |||| 00| 0 eng d
020 _a978-0-8144-7401-3
040 _aDWCL-Admin lib
_cOC
082 _aCirc. 333.330684 R388r 2007
100 _aRemley, Jim
245 _aReal estate presentations that make millions /
_cJim Remley
260 _aN.Y. :
_bAMACOM,
_cc2007.
300 _a iv, 251 p. : ill. ;
_c23 cm.
504 _aIncludes index.
650 _a1. Real estate business.
650 _a2. Sales presentations.
942 _2ddc
_cBK-CIRC
_kCirc.
_n0
999 _c4881
_d4881